A pocket style manual / (Record no. 31305)

000 -LEADER
fixed length control field 01051cam a2200277 i 4500
001 - CONTROL NUMBER
control field 22076956
005 - DATE AND TIME OF LATEST TRANSACTION
control field 20220302090217.0
008 - FIXED-LENGTH DATA ELEMENTS--GENERAL INFORMATION
fixed length control field 210611t20182018maua b 000 0 eng
010 ## - LIBRARY OF CONGRESS CONTROL NUMBER
LC control number 2020450808
020 ## - INTERNATIONAL STANDARD BOOK NUMBER
International Standard Book Number 9781319057404
040 ## - CATALOGING SOURCE
Original cataloging agency DLC
Language of cataloging eng
Description conventions rda
Transcribing agency DLC
042 ## - AUTHENTICATION CODE
Authentication code pcc
050 00 - LIBRARY OF CONGRESS CALL NUMBER
Classification number PE 1408,
Item number .H26 2018
100 1# - MAIN ENTRY--PERSONAL NAME
Personal name Hacker, Diana,
Dates associated with a name 1942-2004,
Relator term author.
245 10 - TITLE STATEMENT
Title A pocket style manual /
Statement of responsibility, etc. Diana Hacker ; Nancy Sommers, Harvard University.
250 ## - EDITION STATEMENT
Edition statement Eighth edition.
300 ## - PHYSICAL DESCRIPTION
Extent 330 p. :
Other physical details ill. ;
Dimensions 22 cm
504 ## - BIBLIOGRAPHY, ETC. NOTE
Bibliography, etc Includes bibliographical references and index.
650 #0 - SUBJECT ADDED ENTRY--TOPICAL TERM
Topical term or geographic name as entry element English language
General subdivision Rhetoric
Form subdivision Handbooks, manuals, etc.
650 #0 - SUBJECT ADDED ENTRY--TOPICAL TERM
Topical term or geographic name as entry element Report writing
Form subdivision Handbooks, manuals, etc.
650 #0 - SUBJECT ADDED ENTRY--TOPICAL TERM
Topical term or geographic name as entry element English language
General subdivision Grammar
Form subdivision Handbooks, manuals, etc.
700 1# - ADDED ENTRY--PERSONAL NAME
Personal name Sommers, Nancy I.,
Relator term author.
906 ## - LOCAL DATA ELEMENT F, LDF (RLIN)
a 7
b cbc
c orignew
d 3
e ncip
f 20
g y-gencatlg
942 ## - ADDED ENTRY ELEMENTS (KOHA)
Source of classification or shelving scheme
Classification part PE 1408 .H26 2018
Koha item type Reference Material
Holdings
Withdrawn status Lost status Source of classification or shelving scheme Damaged status Not for loan Home library Current library Shelving location Date acquired Source of acquisition Cost, normal purchase price Total Checkouts Full call number Barcode Date last seen Price effective from Koha item type
          MACHAKOS UNIVERSITY LIBRARY MACHAKOS UNIVERSITY LIBRARY Reference 02/03/2022 Donation- Damaris Kimanzi 2584.00   PE 1408 .H26 2018 39105 02/03/2022 02/03/2022 Reference Material
© Machakos University Library, Along The Highway, Machakos Wote Rd, Machakos, Kenya P.O. Box 136 - 90100 Machakos - Kenya

Tel: ( +254 ) 723 805829 OR Fax : 044-20353 OR Email: library@mksu.ac.ke